| Tag |
First Indicator |
Second Indicator |
Subfields |
| LEADER |
00000cam a2200000 a 4500 |
| 001 |
in00000097196 |
| 005 |
20220103114816.0 |
| 007 |
cr unu a |
| 008 |
821113s1981 xx b 00010 eng d |
| 035 |
|
|
|9 AAK9073AM
|
| 035 |
|
|
|a (OCoLC)08955282
|
| 040 |
|
|
|a TXA
|c TXA
|d UtOrBLW
|
| 049 |
|
|
|a TXAZ [Also in] [Archives]
|c 1 [1804628], 2 [1804629]
|
| 099 |
|
|
|a 1981
|a Thesis
|a B711
|
| 100 |
1 |
|
|a Bond, Terri Allison,
|d 1957-
|
| 245 |
1 |
0 |
|a Differential reactivity as a function of locus of control in active or passive coping situations /
|c by Terri Allison Bond.
|
| 264 |
|
1 |
|a [Place of publication not identified] :
|b [publisher not identified] ;
|c 1981.
|
| 300 |
|
|
|a vii, 40 leaves ;
|c 29 cm.
|
| 336 |
|
|
|a text
|b txt
|2 rdacontent
|
| 337 |
|
|
|a computer
|b c
|2 rdamedia
|
| 338 |
|
|
|a online resource
|b cr
|2 rdacarrier
|
| 500 |
|
|
|a "Major subject: Psychology."
|
| 500 |
|
|
|a Typescript (photocopy).
|
| 500 |
|
|
|a Vita.
|
| 502 |
|
|
|b M.S.
|c Texas A&M University
|d 1981.
|
| 504 |
|
|
|a Bibliography: leaves 30-33.
|
| 530 |
|
|
|a Also available online.
|
| 650 |
|
0 |
|a Adjustment (Psychology)
|
| 650 |
|
0 |
|a Biofeedback training.
|
| 650 |
|
0 |
|a Stress (Physiology)
|
| 650 |
|
0 |
|a Stress relaxation (Physics)
|
| 650 |
|
4 |
|a Major psychology.
|
| 856 |
4 |
1 |
|u https://hdl.handle.net/1969.1/ETD-TAMU-1981-THESIS-B711
|z Link to OAKTrust copy
|t 0
|
| 999 |
|
|
|a MARS
|
| 999 |
f |
f |
|s 6c6d768d-d784-3c74-b32c-489b54468349
|i ffa523be-8714-3d85-bfe1-ec99def3eff4
|t 0
|
| 952 |
f |
f |
|p noncirc
|a Texas A&M University
|b J.J. Pickle Campus
|c High Density Repository
|s HDR
|d Remote Storage
|t 0
|e 1981 Thesis B711
|h Other scheme
|i computer -- online resource
|m A14841006957
|
| 952 |
f |
f |
|a Texas A&M University
|b College Station
|c Electronic Resources
|s www_evans
|d Available Online
|t 0
|e 1981 Thesis B711
|h Other scheme
|
| 998 |
f |
f |
|a 1981 Thesis B711
|t 0
|l Remote Storage
|
| 998 |
f |
f |
|a 1981 Thesis B711
|t 0
|l Available Online
|